00285nam a2200109Ia 4500008004100000041001200041082001100053100002100064245007700085260000600162650000700168221030s9999 xx 000 0 und d aEnglish a105.23 aA K Mukhopadhyay 0aMicroprocessor Microcomputer and their Applicationcby A K Mukhopadhyay c0 aMc